Statistics for Teams to beat Ireland in Rugby since 2000

Click here to take the quiz!

General Stats

  • This quiz has been taken 28 times
  • The average score is 8 of 9

Answer Stats

TimesCountry% Correct
10England
100%
15France
100%
1New Zealand
100%
1Italy
96%
4Scotland
96%
9Wales
96%
1Australia
88%
2Argentina
79%
1Japan
54%

Score Distribution

Percentile by Number Answered

Percent of People with Each Score

Your Score History

You have not taken this quiz